The Development of Arabic Numerals in Europe : (Record no. 15469)
[ view plain ]
| 000 -LEADER | |
|---|---|
| fixed length control field | 00824nam a22002531 4500 |
| 001 - CONTROL NUMBER | |
| control field | 3107693 |
| 005 - DATE AND TIME OF LATEST TRANSACTION | |
| control field | 20240818092941.0 |
| 008 - FIXED-LENGTH DATA ELEMENTS--GENERAL INFORMATION | |
| fixed length control field | 861114s1915 enka 000 0 eng |
| 010 ## - | |
| -- | 15016536 |
| 040 ## - CATALOGING SOURCE | |
| Original cataloging agency | DLC/ICU |
| Transcribing agency | ICU |
| Modifying agency | DLC |
| 050 00 - LIBRARY OF CONGRESS CALL NUMBER | |
| Classification number | QA21 |
| Item number | .H5 |
| 082 ## - DEWEY DECIMAL CLASSIFICATION NUMBER | |
| Edition number | 22 |
| Classification number | 513.5 |
| Item number | HIL |
| 100 1# - MAIN ENTRY--PERSONAL NAME | |
| Personal name | Hill, George Francis, |
| Titles and other words associated with a name | Sir, |
| Dates associated with a name | 1867-1948. |
| 9 (RLIN) | 24426 |
| 245 14 - TITLE STATEMENT | |
| Title | The Development of Arabic Numerals in Europe : |
| Remainder of title | Exhibited in sixty-four tables/ |
| Statement of responsibility, etc | By G.F. Hill |
| 260 ## - | |
| -- | Oxford: |
| -- | Clarendon press, 1915 |
| -- | 1915. |
| 300 ## - PHYSICAL DESCRIPTION | |
| Extent | 125, [1] p. : |
| Other physical details | ill., tables ; |
| Dimensions | 26 cm. |
| 336 ## - CONTENT TYPE | |
| Source | rdacontent |
| Content type term | text |
| Content type code | txt |
| 337 ## - MEDIA TYPE | |
| Media type term | unmediated |
| Source | rdamedia |
| Media type code | n |
| 338 ## - CARRIER TYPE | |
| Carrier type term | volume |
| Carrier type code | nc |
| Source | rdacarrier |
| 650 #0 - SUBJECT ADDED ENTRY--TOPICAL TERM | |
| Topical term or geographic name as entry element | Numerals. |
| 9 (RLIN) | 24427 |
| 650 #0 - SUBJECT ADDED ENTRY--TOPICAL TERM | |
| Topical term or geographic name as entry element | Numeration |
| General subdivision | History. |
| 9 (RLIN) | 24428 |
| 653 ## - INDEX TERM--UNCONTROLLED | |
| Resource For college | |
| Arrived date list | May2011 |
| 942 ## - ADDED ENTRY ELEMENTS (KOHA) | |
| Source of classification or shelving scheme | Dewey Decimal Classification |
| Koha item type | Book - Borrowing |
| Classification part | RDA-MOD |
| Withdrawn status | Lost status | Source of classification or shelving scheme | Damaged status | Not for loan | Collection code | Home library | Current library | Shelving location | Date acquired | Source of acquisition | Cost, normal purchase price | Serial Enumeration / chronology | Total Checkouts | Full call number | Barcode | Date last seen | Date checked out | Price effective from | Koha item type |
|---|---|---|---|---|---|---|---|---|---|---|---|---|---|---|---|---|---|---|---|
| Dewey Decimal Classification | Baccah | Central Library | Central Library | First floor | 30/05/2011 | 143.00 | 12334 | 1 | 513.5 HIL | 000023794 | 15/07/2025 | 10/07/2011 | 30/05/2011 | Book - Borrowing |